| 000 | 00598nam a2200205Ia 4500 | ||
|---|---|---|---|
| 008 | 131103s9999 xx 000 0 und d | ||
| 020 | _a0 19 564767 X | ||
| 040 | _aLoreto College | ||
| 041 | _aEnglish | ||
| 082 |
_a954/CHA _bLCBED/12909 |
||
| 100 | _aChatterjee, Partha | ||
| 245 | 4 |
_aThe present history of West Bengal _b essays in political criticism _cPartha Chatterjee |
|
| 260 |
_aDelhi _bOxford University Press _c1998 |
||
| 300 |
_axii,223p. _b Maps _c 21cm. |
||
| 504 | _aIncludes index | ||
| 650 | _aHistory | ||
| 651 | _aIndia - History | ||
| 850 | _aLCBED/954/CHA | ||
| 942 | _cBK | ||
| 999 |
_c28700 _d79179 |
||